| 000 | 00741nam a22001337a 4500 | ||
|---|---|---|---|
| 040 | _cRUA | ||
| 082 | _aAGR UNG 2016 B590 Or.1 | ||
| 100 | _aUNG SOMALA,អ៊ុង សុម៉ាលា | ||
| 245 | _apesticide utilization on dry-season rice in baray commune,dounkeav district,takeo province,ការប្រើប្រាស់ថ្នាំកសិកម្មទៅលើដំណាំស្រូវប្រាំងនៅក្នុងសង្កាត់បារាយណ៍ ក្រុមដូនកែវ ខេត្តតាកែវ | ||
| 260 |
_aphnom penh _bRUA _c2016 |
||
| 300 |
_axi;52p; _bill; _c29cm; |
||
| 856 | _uhttps://drive.google.com/file/d/10RDDuwWowWHfKFYBDpArlg54JKpv7wCg/view?usp=sharing | ||
| 942 | _cAGR | ||
| 999 |
_c16334 _d16334 |
||